000 00811nam a2200253 i 4500
001 bg
100 1 _aJANUSZEK, Jarosław
245 1 0 _aStatyka budowli :
_bdla studiów zaocznych /
_cJarosław Januszek, Urszula Laskowska, Urszula Radoń.
250 _aWyd.2 popr. i uzup.
260 _aKielce :
_bWydaw. PŚ,
_c2002.
300 _a196 s. :
_brys., wykr. ;
_c30 cm.
490 1 _aSkrypty / Politechnika Świętokrzyska,
_x0239-6386 ;
_vnr 388
504 _aBibliogr. s. 121.
650 9 _aStatyka budowlana
655 _aPodręczniki akademickie
700 1 _aLASKOWSKA, Urszula
700 1 _aRADOŃ, Urszula
830 0 _aSkrypty (Politechnika Świętokrzyska) ;
_vnr 388
040 _cBPK
041 0 _apol
080 _a624.04(075.8)
942 _cKS
008 s pl f |000 0 pol
999 _c42750
_d42750
856 _uhttp://koha.tu.koszalin.pl/cgi-bin/koha/opac-detail.pl?biblionumber=42750
_yKatalog online BPK